000 01062cam a22003257a 4500
003 CHAP
005 20220329141636.0
008 971013s1975 r 00010 d
010 _a71512
011 _a72484
035 _a82039
040 _cCHAP
090 _aFolleto 4007
100 0 0 _aAguayo Aguilar, A.
_92609
245 0 _aRye-grass (Ballico italiano) establecimiento y manejo de la pradera
260 _aHermosillo, Son. :
_bCentro de Investigaciones Pecuarias del Estado de Sonora,
_c1975
300 _a7 p.
_b: ilus.
590 _aBATCH-UPD
_b10
_c20130110
_lUCH01
_h0454
590 _aBATCH-UPD
_b10
_c20130110
_lUCH01
_h2251
590 _aBATCH-UPD
_b10
_c20130410
_lUCH01
_h0132
590 _aBATCH-UPD
_b10
_c20130913
_lUCH01
_h2310
590 _aCONVERSION
_b10
_c20130109
_lUCH01
_h1339
650 1 4 _aLolium multiflorum.
_967504
650 1 4 _aPraderas.
_991230
700 0 _aGarza Treviño, R.
_947156
700 0 _aLizárraga Castillo, G.
_967218
901 _aBK
942 _cFOLL
949 _aFolleto 4007
_bBC
_cFOLL
_d-35847
_eTS1
_i82039
_mD.
_si
999 _c71512
_d71512